Minecraft Crafting Quiz #1 - Statistics

Estatísticas Gerais
  • Esse quiz foi jogado 94 vezes
  • A pontuação média é 6 de 16
Estatísticas das Respostas
Imagem Resposta % Correto
Boat
77%
TNT
77%
Fishing Rod
62%
Beacon
53%
Clock
48%
Chain
38%
Fermented Spider Eye
36%
Composter
31%
Candle
29%
Fire ball
27%
Target
25%
Daylight Sensor
22%
Rabbit Stew
22%
Soul Campfire
21%
Archery Table
5%
Aqueduct
3%
Nenhum quiz correspondente encontrado
Distribuição das Pontuações
Porcentagem de Pessoas com Cada Pontuação
Percentil de Números Respondidos
Sua Pontuação Histórica
Você não jogou esse quiz